Normal view
MARC view
- यादव, योगेन्द्रसिंह, Tr. जोग, सुनेत्रा
Entry Personal Name
001 - CONTROL NUMBER
- control field: 216412
003 - CONTROL NUMBER IDENTIFIER
- control field: OSt
005 - DATE AND TIME OF LATEST TRANSACTION
- control field: 20260121165315.0
008 - FIXED-LENGTH DATA ELEMENTS
- fixed length control field: 260121|| aca||aabn | a|a d
040 ## - CATALOGING SOURCE
- Original cataloging agency: OSt
- Transcribing agency: OSt
100 ## - HEADING--PERSONAL NAME
- Personal name: यादव, योगेन्द्रसिंह, Tr. जोग, सुनेत्रा
670 ## - SOURCE DATA FOUND
- Source citation: Work cat.: (OSt)370023: यादव, योगेन्द्रसिंह, Tr. जोग, सुनेत्रा, द हिरो ऑफ टायगर हिल, 2024